| 000 | 00596nam a2200193 4500 | ||
|---|---|---|---|
| 001 | 131825 | ||
| 003 | ES-MaACL | ||
| 005 | 20230906194043.0 | ||
| 007 | t| | ||
| 008 | 070214s1964 sp r ||||1| spa d | ||
| 100 | 1 |
_aRodríguez Mendez, José María. _9178383 |
|
| 245 | 1 | 3 |
_aEl círculo de tiza de Cartagena / _cJosé María Rodríguez Méndez. |
| 260 |
_aBarcelona : _bOccitania, _c1964. |
||
| 300 |
_a52 p. : _bil. ; _c21 cm. |
||
| 490 | 1 |
_aEl sombrero de Santon ; _v1 |
|
| 830 | 0 |
_aEl sombrero de Santon ; _v1 _9219612 |
|
| 852 |
_aES-MaACL _jC-26304 _bR.55166 |
||
| 999 |
_c131825 _d131825 |
||